-
MATHUR,S.P, AND SINGH, N.K
Entry Personal Name
Number of records used in: 1
001 - CONTROL NUMBER
003 - CONTROL NUMBER IDENTIFIER
005 - DATE AND TIME OF LATEST TRANSACTION
- control field:
20250505162015.0
008 - FIXED-LENGTH DATA ELEMENTS
- fixed length control field:
250505|| aca||aabn | a|a d
040 ## - CATALOGING SOURCE
- Original cataloging agency:
JRU
- Transcribing agency:
JRU
100 ## - HEADING--PERSONAL NAME
- Personal name:
MATHUR,S.P, AND SINGH, N.K
670 ## - SOURCE DATA FOUND
- Source citation:
Work cat.: (JRU)5395: MATHUR,S.P, AND SINGH, N.K., COAL MINING OF MANAGEMENT [VOL IV]